Working for a just and prosperous Arab World: ESCWA at 40 (Record no. 61945)

MARC details
000 -LEADER
fixed length control field 00816nam a2200157 a 4500
008 - FIXED-LENGTH DATA ELEMENTS--GENERAL INFORMATION
fixed length control field 150114s2014 ||||||||||||||||| || u
050 ## - LIBRARY OF CONGRESS CALL NUMBER
Classification number UNESCWA(02)2014/2
110 ## - MAIN ENTRY--CORPORATE NAME
Corporate name or jurisdiction name as entry element United Nations Economic and Social Commission for Western Asia (ESCWA)
245 11 - TITLE STATEMENT
Title Working for a just and prosperous Arab World: ESCWA at 40
Statement of responsibility, etc. by United Nations Economic and Social Commission for Western Asia (ESCWA)
260 ## - PUBLICATION, DISTRIBUTION, ETC.
Place of publication, distribution, etc. Beirut:
Name of publisher, distributor, etc. United Nations Economic and Social Commission for Western Asia (UN-ESCWA)
Date of publication, distribution, etc. 2014
300 ## - PHYSICAL DESCRIPTION
Extent 53p.: ill.
650 ## - SUBJECT ADDED ENTRY--TOPICAL TERM
Topical term or geographic name entry element SUSTAINABLE DEVELOPMENT--ARAB REGION
650 ## - SUBJECT ADDED ENTRY--TOPICAL TERM
Topical term or geographic name entry element ECONOMIC PROSPERITY--ARAB WORLD, ANNUALS
650 ## - SUBJECT ADDED ENTRY--TOPICAL TERM
Topical term or geographic name entry element DEMOGRAPHY--ECONOMIC ASPECTS
995 ## - RECOMMENDATION 995 [LOCAL, UNIMARC FRANCE]
-- CBU-MAIN LIBRARY (Kitwe)
-- 1
-- AVAILABLE
-- Jan 21, 2015
-- International Publications
Holdings
Withdrawn status Lost status Source of classification or shelving scheme Damaged status Not for loan Home library Current library Shelving location Date acquired Total Checkouts Full call number Barcode Date last seen Price effective from Koha item type
          CBU-MAIN LIBRARY, KITWE. CBU-MAIN LIBRARY, KITWE.   11/30/2022   UNESCWA(02)2014/2 B1758 11/30/2022 11/30/2022 MONOGRAPH